000 00622nam a2200181Ia 4500
008 100920s9999 xx 000 0 und d
082 _b101847
_a--- न 08
100 _aधाराशिवकर मुकुंद.
245 _aऑपरेशन भागीरथी.
260 _bसाकेत प्रकाशन,औरंगाबाद.
_c2008
300 _a176
_bसाधी
365 _b150
520 _aकादंबरी.
630 _aऑपरेशन भागीरथी.
650 _aकादंबरी.
730 _aऑपरेशन भागीरथी.
942 _cBOOK
999 _c742280
_d742277